000 00666 a2200205 4500
010 _aENG-88785
020 _c250.00
_a9780070656703
035 _aEN-72318
037 _bDBAD / PUB
082 1 4 _a005.13
090 _c9358
_d9358
100 1 _aGanesh, S.G.
245 1 _a60 tips on object oriented programming /
_cby S.G. Ganesh
246 _asixty tips on object oriented programming
260 _aNew Delhi
_bTata McGraw-Hill Publishing
_c2008
300 _axix, 224p.
_c23cm (pbk )
500 _aIncludes index
942 _adpl
_cEN
_k005.13 / GAN
999 _c9188
_d9188